LEADER 00806nam0-22002891i-450- 001 990007828060403321 005 20050601121206.0 035 $a000782806 035 $aFED01000782806 035 $a(Aleph)000782806FED01 035 $a000782806 100 $a20031001d1921----km-y0itay50------ba 101 0 $aita 102 $aIT 105 $ay-------001yy 200 1 $aDell'idea imperiale di Dante$econ un'appendice sulla data di pubblicazione del De Monarchia$fEzio Flori 210 $aBologna$cZanichelli$d1921 215 $a236 p.$d26 cm 676 $a321.6 700 1$aFlori,$bEzio$0179522 801 0$aIT$bUNINA$gRICA$2UNIMARC 901 $aBK 912 $a990007828060403321 952 $aXI G F 40$b712$fDFD 959 $aDFD 996 $aDell'idea imperiale di Dante$9203867 997 $aUNINA LEADER 01502nam 2200349Ia 450 001 996396951403316 005 20200824132145.0 035 $a(CKB)4940000000055726 035 $a(EEBO)2248512891 035 $a(OCoLC)ocm11887771_50395e 035 $a(OCoLC)11887771_50395 035 $a(EXLCZ)994940000000055726 100 $a19850404d1674 uy | 101 0 $aeng 135 $aurbn||||a|bb| 200 10$aDifficiles nugæ, or, Observations touching the Torricellian experiment, and the various solutions of the same, especially touching the weight and elasticity of the air$b[electronic resource] 210 $aLondon $cPrinted by W. Godbid, for William Shrowsbury ...$d1674 215 $a[6], 304, 48, [7] p. $cill. (some folded) 300 $aAttributed to Matthew Hale. Cf. BM. 300 $aCopy at reel 1309:10 lacks folded illus. and advertisement on p. [6]-[7] at end. 300 $aReproduction of original in Harvard University Library and Cambridge University Library. 330 $aeebo-0062 606 $aAtmospheric pressure 606 $aMeteorology$vEarly works to 1800 615 0$aAtmospheric pressure. 615 0$aMeteorology 700 $aHale$b Matthew$cSir,$f1609-1676.$0626826 801 0$bEAA 906 $aBOOK 912 $a996396951403316 996 $aDifficiles nugæ, or, Observations touching the Torricellian experiment, and the various solutions of the same, especially touching the weight and elasticity of the air$92325984 997 $aUNISA LEADER 03502nam 2200565 450 001 9910822661203321 005 20200520144314.0 010 $a3-0356-0870-9 010 $a3-0356-0878-4 024 7 $a10.1515/9783035608786 035 $a(CKB)3850000000000456 035 $a(DE-B1597)466915 035 $a(OCoLC)984682317 035 $a(DE-B1597)9783035608786 035 $a(MiAaPQ)EBC4810092 035 $a(Au-PeEL)EBL4810092 035 $a(CaPaEBR)ebr11367895 035 $a(CaONFJC)MIL994405 035 $a(OCoLC)971380269 035 $a(EXLCZ)993850000000000456 100 $a20170418h20172017 uy 0 101 0 $aeng 135 $aur||||||||||| 181 $2rdacontent 182 $2rdamedia 183 $2rdacarrier 200 00$a[Applied] foreign affairs $einvestigating spatial phenomena in rural and urban Sub-Saharan Africa /$fedited by Baerbel Mueller 210 1$aBasel, Switzerland :$cBirkha?user,$d2017. 210 4$d©2017 215 $a449 p. $cill. (chiefly col.) ;$d24 cm 225 0 $aEdition Angewandte 311 $a3-0356-1100-9 327 $tGuabuliga ? Well by the thorn tree, Northern Region, Ghana. On other planning -- $tStaging Apam, Central Region, Ghana. On other architecture -- $tLubungamode/Kisangani, DR Congo. On other artistic research. Une autre approche artistique 330 $a[a]FA is a laboratory of the Institute of Architecture of the University for Applied Arts in Vienna, in which spatial, infrastructure, ecological and cultural phenomena of the Sub-Saharan region are investigated. The concept for each project is based on an interdisciplinary and trans-cultural approach.This publication documents three projects that were carried out between 2011 and 2015. GUABULIGA _ WELL BY THE THORN TREE / ON OTHER PLANNING in northern Ghana, STAGING APAM / ON OTHER ARCHITECTURE at Ghana?s Atlantic coast, and LUBUNGAMODE / ON OTHER ARTISTIC RESEARCH in Kisangani, DR of Congo. The book illustrates the projects? creative processes and contexts, embedded in contemporary discourses ? well-known experts from architecture, art, theory, and urban sociology take a stand. 330 $a[a]FA ist ein Lab des Instituts für Architektur an der Universität für angewandte Kunst Wien, in dem räumliche, infrastrukturelle, ökologische und kulturelle Phänomene der Sub-Sahara untersucht werden. Jedes Projekt ist transdisziplinär und transkulturell konzipiert. Das Buch dokumentiert drei Projekte, die in den Jahren 2011-2015 durchgeführt wurden: GUABULIGA _ WELL BY THE THORN TREE / ON OTHER PLANNING (( kursiv)) im Norden Ghanas, STAGING APAM / ON OTHER ARCHITECTURE an der Atlantikküste Ghanas, und LUBUNGAMODE / ON OTHER ARTISTIC RESEARCH in Kisangani, DR Kongo. Es zeigt die Projekte in ihrem Entstehungsprozess und Kontext und bettet sie in aktuelle Diskurse ein: renommierte Experten aus Architektur, Kunst, Theorie und Stadtsoziologie nehmen Stellung. 410 0$aEdition Die Angewandte, University press 606 $aCommunity development$zGhana$vCase studies 607 $aCongo (Democratic Republic)$2fast 607 $aGhana$2fast 615 0$aCommunity development 676 $a307.760941443 702 $aMueller$b Baerbel 712 02$aUniversita?t fu?r Angewandte Kunst Wien.$bInstitut fu?r Architektur. 801 0$bMiAaPQ 801 1$bMiAaPQ 801 2$bMiAaPQ 906 $aBOOK 912 $a9910822661203321 996 $aForeign affairs$9795301 997 $aUNINA